[Event "POR-ch Amateur U1600"]
[Site "Braga"]
[Date "2018.09.08"]
[Round "3"]
[White "Pedroso, Manuel"]
[Black "Duarte, Duarte Antonio V"]
[Result "1-0"]
[WhiteElo "1306"]
[BlackElo "1019"]
[PlyCount "79"]
[EventDate "2018.09.06"]
[EventType "swiss"]
[EventRounds "5"]
[EventCountry "POR"]
[SourceTitle "EXT 2024"]
[Source "ChessBase"]
[SourceDate "2023.10.10"]
[SourceVersion "1"]
[SourceVersionDate "2023.10.10"]
[SourceQuality "1"]

1. d4 d5 2. Bf4 Nc6 3. e3 a6 4. Nf3 Bf5 5. Nbd2 e6 6. Be2 Bb4 7. c3 Ba5 8. b4 Bb6 9. 0-0 Nf6 10. Qb3 0-0 11. Rfc1 Ng4 12. h3 Nf6 13. c4 Qd7 14. a3 dxc4 15. Nxc4 Ba7 16. Nce5 Nxe5 17. Nxe5 Qe7 18. Bf3 Rac8 19. Bxb7 Rb8 20. Nc6 Qd8 21. Nxb8 Bxb8 22. Bxa6 Be4 23. Bf1 Nh5 24. Bh2 Bf3 25. gxf3 Qe7 26. Bg2 Qg5 27. Rc5 e5 28. Rxe5 Qg6 29. Rc5 Rd8 30. Rac1 Ba7 31. Rxc7 h6 32. Rxa7 Kh7 33. Qxf7 Rh8 34. Qxg6+ Kxg6 35. Be5 Rg8 36. f4 Kh7 37. Be4+ Kh8 38. Bg6 Nf6 39. Bxf6 gxf6 40. Rh7# 1-0

[Event "Famalicao op 6th"]
[Site "Famalicao"]
[Date "2018.07.31"]
[Round "4"]
[White "Silva, Jose Lucas Ferreira"]
[Black "Duarte, Duarte Antonio V"]
[Result "1-0"]
[WhiteElo "1075"]
[BlackElo "1019"]
[PlyCount "25"]
[EventDate "2018.07.29"]
[EventType "swiss"]
[EventRounds "9"]
[EventCountry "POR"]
[SourceTitle "CBM 185 Extra"]
[Source "ChessBase"]
[SourceDate "2018.07.29"]
[SourceVersion "1"]
[SourceVersionDate "2018.07.29"]
[SourceQuality "1"]

1. e4 e5 2. Nf3 Nc6 3. Bc4 d6 4. d4 exd4 5. Nxd4 Nxd4 6. Qxd4 Bg4 7. Bf4 Nf6 8. Nc3 d5 9. Nxd5 Nxd5 10. Qxd5 Qh4 11. Qxf7+ Kd8 12. Qxc7+ Ke8 13. Bf7# 1-0

[Event "Famalicao op 6th"]
[Site "Famalicao"]
[Date "2018.07.30"]
[Round "3"]
[White "Duarte, Duarte Antonio V"]
[Black "Azevedo, Carlos Filipe Salva"]
[Result "0-1"]
[WhiteElo "1019"]
[BlackElo "1281"]
[PlyCount "74"]
[EventDate "2018.07.29"]
[EventType "swiss"]
[EventRounds "9"]
[EventCountry "POR"]
[SourceTitle "CBM 185 Extra"]
[Source "ChessBase"]
[SourceDate "2018.07.29"]
[SourceVersion "1"]
[SourceVersionDate "2018.07.29"]
[SourceQuality "1"]

1. e4 c5 2. Nf3 e6 3. Bc4 a6 4. 0-0 b5 5. Bb3 c4 6. Nc3 cxb3 7. axb3 Bb7 8. Nxb5 axb5 9. Rxa8 Bxa8 10. d4 Bxe4 11. Ne5 d6 12. Nc6 Bxc6 13. Bd2 Nf6 14. c4 bxc4 15. bxc4 d5 16. cxd5 Bxd5 17. Qe2 Bd6 18. Ba5 Bc7 19. Bd2 0-0 20. b4 Ne4 21. Be3 Bc4 22. b5 Bxb5 23. d5 Qxd5 24. Qd1 Bxf1 25. Qxd5 exd5 26. Bc5 Rc8 27. Kxf1 Nxc5 28. f3 Bxh2 29. Kf2 d4 30. g4 d3 31. Ke3 Rd8 32. f4 d2 33. f5 d1Q 34. g5 Qe1+ 35. Kf3 Rd3+ 36. Kg4 Qg3+ 37. Kh5 Qh3# 0-1